| 000 | 00761nam a22001697a 4500 | ||
|---|---|---|---|
| 999 |
_c59396 _d59396 |
||
| 003 | Ge_BSU | ||
| 005 | 20230209102705.0 | ||
| 008 | 230209s2005 ge ||||| |||| 00| 0 geo d | ||
| 020 | _a9994008773 | ||
| 041 | _ageo | ||
| 080 | _a341(035) ა-26 | ||
| 245 |
_aადამიანის უფლებათა საერთაშორისო სამართალი : _bლექსიკონი-ცნობარი / _c[ავტ.: ლ. ალექსიძე (რედ.), ლ. გიორგაძე, მ. კვაჭაძე და სხვ.]. |
||
| 264 |
_aთბილისი, _c2005. |
||
| 300 |
_a283 გვ. ; _b 23 სმ. |
||
| 700 |
_aალექსიძე, ლევან _eავტორი _916872 |
||
| 942 |
_2udc _cBK |
||